Austria czy Australia? - Statystyki

Ogólne statystyki
  • Ten quiz został rozwiązany 7 973 razy
  • Średni wynik to 11 z 16
Statystyki odpowiedzi
Zagadnienie Odpowiedź % Poprawnych
Ma gwiazdki na swojej fladze Australia
97%
Znajduje się na półkuli północnej Austria
97%
Ma średnio suchszy klimat Australia
94%
Ponad 5% kraju ma chińskie pochodzenie Australia
91%
Ma niższą gęstość zaludnienia z dwóch Australia
88%
Ma wyższą wysokość (zarówno średnią, jak i maksymalną) Austria
79%
Drugie co do wielkości miasto zaczyna się na literę „G” Austria
78%
Jej stolica jest jednocześnie najbardziej zaludnionym miastem Austria
76%
Ma więcej krów niż ludzi (a także więcej owiec niż ludzi) Australia
63%
Ponad połowa kraju to katolicy Austria
50%
Górnictwo stanowi największy sektor gospodarki eksportowej Australia
49%
Uważany jest za kraj o wysokich dochodach Oba
49%
Był gospodarzem igrzysk olimpijskich Oba
44%
Jego nazwa jest związana z kierunkiem kompasu (np. północ, południe, wschód, zachód) Oba
38%
W największym mieście kraju mieszka ponad 10% ludności Oba
37%
Od zakończenia II wojny światowej nie poniósł żadnych ofiar bojowych Austria
23%
Nie znaleziono quizów pasujących do podanych kryteriów
Rozkład punktacji
Procent ludzi z każdym wynikiem
Percentyl według liczby udzielonych odpowiedzi
Twoja historia wyników
Nie rozwiązałeś tego quizu